De la propietat capitalista a la propietat humana / (Record no. 107879)

MARC details
000 -LEADER
campo de control de longitud fija 00917nam a2200253 i 4500
001 - NÚMERO DE CONTROL
campo de control 107879
003 - IDENTIFICADOR DE NÚMERO DE CONTROL
campo de control ES-MaACL
005 - FECHA Y HORA DE LA ÚLTIMA TRANSACCIÓN
campo de control 20250902063102.0
007 - CAMPO FIJO DE DESCRIPCIÓN FÍSICA--INFORMACIÓN GENERAL
campo de control de longitud fija t|
008 - DATOS DE LONGITUD FIJA--INFORMACIÓN GENERAL
campo de control de longitud fija 061121s1968 sp r ||||1| cat d
100 1# - ENTRADA PRINCIPAL--NOMBRE DE PERSONA
Nombre de persona Mounier, Emmanuel,
Fechas asociadas al nombre 1905-1950
9 (RLIN) 83875
245 10 - MENCIÓN DEL TÍTULO
Título De la propietat capitalista a la propietat humana /
Mención de responsabilidad, etc. Emmanuel Mounier ; próleg d'Alfonso C. Comin ; traducció Just M. Llorens.
250 ## - MENCION DE EDICION
Mención de edición 1ª. ed.
260 ## - PUBLICACIÓN, DISTRIBUCIÓN, ETC.
Lugar de publicación, distribución, etc. Barcelona :
Nombre del editor, distribuidor, etc. Edicions 62,
Fecha de publicación, distribución, etc. 1968.
300 ## - DESCRIPCIÓN FÍSICA
Extensión 286 p., 1 lám :
Otras características físicas retr. aut. ;
Dimensiones 22 cm.
490 1# - MENCIÓN DE SERIE
Mención de serie Biblioteca Bàsica de Cultura Contemporània ;
Designación de volumen o secuencia 14
650 04 - PUNTO DE ACCESO ADICIONAL DE MATERIA--TÉRMINO DE MATERIA
Término de materia o nombre geográfico como elemento de entrada Capitalismo.
9 (RLIN) 10760
650 07 - PUNTO DE ACCESO ADICIONAL DE MATERIA--TÉRMINO DE MATERIA
Término de materia o nombre geográfico como elemento de entrada Personalismo
Fuente del encabezamiento o término embne
9 (RLIN) 15975
700 1# - ENTRADA AGREGADA--NOMBRE PERSONAL
Nombre de persona Comín, Alfonso C.
9 (RLIN) 40007
700 1# - ENTRADA AGREGADA--NOMBRE PERSONAL
Nombre de persona Llorens, Just M.
9 (RLIN) 72877
830 0# - PUNTO DE ACCESO ADICIONAL DE SERIE-TÍTULO UNIFORME
Título uniforme Biblioteca Bàsica de Cultura Contemporània ;
Designación de volumen o secuencia 14
9 (RLIN) 232917
852 ## - LOCALIZACIÓN
Ubicación ES-MaACL
Número de control de estantería G-4066
Sublocalización o colección R.65822
Holdings
Estatus retirado Estado de pérdida Estado de daño No para préstamo Biblioteca de origen Biblioteca actual Ubicación en estantería Fecha de adquisición Fuente de adquisición Total de préstamos Signatura topográfica completa Código de barras Visto por última vez Precio de reemplazo Tipo de ítem Koha
        Biblioteca del Ateneo de Madrid Biblioteca del Ateneo de Madrid Depósito 2 17/01/2008     G-4066 1112583 23/02/2023 23/02/2023 Libro impreso